Lý luận văn học, nghệ thuật cổ điển Trung Quốc : 100 điều /
שמור ב:
| מחבר ראשי: | |
|---|---|
| מחברים אחרים: | |
| פורמט: | Sách giấy |
| שפה: | Vietnamese |
| יצא לאור: |
Hà Nội :
Giáo dục ,
1994
|
| תגים: |
הוספת תג
אין תגיות, היה/י הראשונ/ה לתייג את הרשומה!
|
| Thư viện lưu trữ: | Thư viện Trường Đại học Đà Lạt |
|---|
| LEADER | 00670nam a2200253 4500 | ||
|---|---|---|---|
| 001 | DLU020016377 | ||
| 005 | ##11/20/2000 | ||
| 020 | # | # | |a 978- |
| 041 | # | # | |a vie |
| 082 | # | # | |a 895.1 |b KH-T |
| 100 | # | # | |a Khâu Chấn Thanh |
| 245 | # | # | |a Lý luận văn học, nghệ thuật cổ điển Trung Quốc : |b 100 điều / |c Khâu Chấn Thanh; Mai Xuân Hải dịch |
| 260 | # | # | |a Hà Nội : |b Giáo dục , |c 1994 |
| 300 | # | # | |a 453 tr.; |c 19 cm. |
| 700 | # | # | |a Mai Xuân Hải |e dịch |
| 992 | # | # | |a 21000 |
| 994 | # | # | |a DLU |
| 900 | # | # | |a False |
| 911 | # | # | |a Administrator |
| 925 | # | # | |a G |
| 926 | # | # | |a A |
| 927 | # | # | |a SH |
| 980 | # | # | |a Thư viện Trường Đại học Đà Lạt |